[Event "37. Copenhagen Open (Politiken Cup)"]
[Site "Elsinore"]
[Date "2015.07.27"]
[Round "4"]
[White "Brondum, Eric"]
[Black "Undheim, Bjarne"]
[Result "1/2-1/2"]
[WhiteElo "2114"]
[BlackElo "1899"]
[PlyCount "29"]
[EventDate "2015.07.25"]
[EventType "swiss"]
[EventRounds "10"]
[EventCountry "DEN"]
[Source "ChessBase"]
[SourceDate "2015.09.14"]

1. e4 d5 2. exd5 Nf6 3. d4 Bg4 4. Nf3 Qxd5 5. Be2 Nc6 6. O-O O-O-O 7. Be3 Qf5
8. c3 e5 9. Nbd2 e4 10. Ne1 Bd6 11. f4 exf3 12. Bxf3 Qe6 13. Bg5 Bxf3 14. Nexf3
h6 15. Bxf6 1/2-1/2

[Event "37. Copenhagen Open (Politiken Cup)"]
[Site "Elsinore"]
[Date "2015.07.27"]
[Round "4"]
[White "Brorsen, Jacob Abildlund"]
[Black "Sorensen, John K"]
[Result "1-0"]
[WhiteElo "2110"]
[BlackElo "1792"]
[PlyCount "83"]
[EventDate "2015.07.25"]
[EventType "swiss"]
[EventRounds "10"]
[EventCountry "DEN"]
[Source "ChessBase"]
[SourceDate "2015.09.14"]

1. d4 d5 2. c4 c6 3. Nf3 Nf6 4. e3 a6 5. Nbd2 Bg4 6. Qc2 e6 7. Ne5 Nbd7 8. Bd3
g6 9. f3 Bf5 10. e4 dxc4 11. Nexc4 Nh5 12. O-O Bh3 13. Nb3 b5 14. Nca5 c5 15.
Nb7 Qc7 16. N7xc5 Rc8 17. gxh3 Nf4 18. Bxf4 Qxf4 19. Qc1 Qh4 20. Qe1 Qxh3 21.
Nxd7 Kxd7 22. Qg3 Qh6 23. f4 Be7 24. Rad1 g5 25. f5 exf5 26. Rxf5 f6 27. Nc5+
Ke8 28. Rdf1 g4 29. Qf4 Qh3 30. Qg3 Qh6 31. Nxa6 Rc1 32. Nc5 Kf7 33. e5 Rd8 34.
e6+ Kf8 35. Nd7+ Kg7 36. Qf4 Rxf1+ 37. Bxf1 Qh4 38. Qg3 Qh6 39. Rf4 f5 40. Rxf5
Qd2 41. Rf7+ Kh8 42. Qe5+ 1-0

[Event "37. Copenhagen Open (Politiken Cup)"]
[Site "Elsinore"]
[Date "2015.07.27"]
[Round "4"]
[White "Buchal, Stephan"]
[Black "Aagaard, Jacob"]
[Result "0-1"]
[WhiteElo "2267"]
[BlackElo "2506"]
[PlyCount "134"]
[EventDate "2015.07.25"]
[EventType "swiss"]
[EventRounds "10"]
[EventCountry "DEN"]
[Source "ChessBase"]
[SourceDate "2015.09.14"]

1. Nf3 c5 2. c4 Nc6 3. g3 g6 4. Bg2 Bg7 5. Nc3 b6 6. O-O Bb7 7. e3 Bxc3 8. bxc3
d6 9. d3 Qd7 10. e4 O-O-O 11. Ng5 e6 12. f4 f6 13. Nf3 f5 14. Be3 Nf6 15. exf5
exf5 16. Qc2 Rhe8 17. Rfe1 Re7 18. Bf2 Rde8 19. h3 Nd8 20. Rxe7 Rxe7 21. Re1
Rxe1+ 22. Bxe1 Bc6 23. Qe2 Qe6 24. Kf2 Kb7 25. Bf1 Ka6 26. Nd2 Qxe2+ 27. Bxe2
Ne6 28. Nb3 h5 29. Bd2 Kb7 30. Be3 Kc7 31. Nd2 d5 32. cxd5 Nxd5 33. Nb1 b5 34.
Bd2 Nf6 35. Bc1 Bd5 36. c4 bxc4 37. dxc4 Ne4+ 38. Ke3 Bc6 39. g4 fxg4 40. hxg4
h4 41. Bb2 Nd4 42. Bf1 Nf6 43. Bh3 Bd7 44. Bxd4 cxd4+ 45. Kxd4 Bxg4 46. Bxg4
Nxg4 47. Nc3 h3 48. Ne4 h2 49. Ng3 Kc6 50. Ke4 Nf2+ 51. Kf3 Nd3 52. f5 gxf5 53.
Kg2 f4 54. Ne4 Ne5 55. Kxh2 Nxc4 56. Kg2 Kd5 57. Kf3 Ke5 58. Nc5 Kf5 59. Nd3
Nd2+ 60. Ke2 Ne4 61. a4 a5 62. Nxf4 Kxf4 63. Kd3 Ke5 64. Kc4 Nd6+ 65. Kc5 Nb7+
66. Kc6 Kd4 67. Kxb7 Kc5 0-1

[Event "37. Copenhagen Open (Politiken Cup)"]
[Site "Elsinore"]
[Date "2015.07.27"]
[Round "4"]
[White "Carnstam, Tomas"]
[Black "Hoyer, Jacob K"]
[Result "0-1"]
[WhiteElo "2034"]
[BlackElo "2202"]
[PlyCount "76"]
[EventDate "2015.07.25"]
[EventType "swiss"]
[EventRounds "10"]
[EventCountry "DEN"]
[Source "ChessBase"]
[SourceDate "2015.09.14"]

1. c4 g6 2. Nc3 c5 3. e3 Nf6 4. d4 Bg7 5. g3 cxd4 6. exd4 d5 7. cxd5 Nxd5 8.
Bg2 Nb6 9. Nge2 Nc6 10. d5 Ne5 11. f4 Ng4 12. h3 Nf6 13. Be3 O-O 14. Qb3 e6 15.
Bxb6 axb6 16. d6 Qxd6 17. Nb5 Qe7 18. Rc1 e5 19. Nc7 Ra5 20. Qxb6 Rxa2 21. O-O
exf4 22. Nc3 Nd7 23. N7d5 Qg5 24. Qb4 Ra8 25. gxf4 Qh4 26. Ne7+ Kh8 27. Ncd5 b5
28. Nxc8 Raxc8 29. Qxb5 Rxc1 30. Rxc1 Nf6 31. Nxf6 Qxf4 32. Qc5 Qxf6 33. b4 Qb2
34. Rd1 Re8 35. b5 h5 36. Bf1 Re5 37. Qc1 Qb3 38. Re1 Qg3+ 0-1

[Event "37. Copenhagen Open (Politiken Cup)"]
[Site "Elsinore"]
[Date "2015.07.27"]
[Round "4"]
[White "Carstensen, Jacob"]
[Black "Brunello, Sabino"]
[Result "0-1"]
[WhiteElo "2336"]
[BlackElo "2539"]
[PlyCount "72"]
[EventDate "2015.07.25"]
[EventType "swiss"]
[EventRounds "10"]
[EventCountry "DEN"]
[Source "ChessBase"]
[SourceDate "2015.09.14"]

1. d4 Nf6 2. c4 e6 3. Nf3 b6 4. g3 Ba6 5. Qa4 Bb7 6. Bg2 c5 7. dxc5 bxc5 8. O-O
Be7 9. Nc3 O-O 10. Rd1 Qb6 11. Qc2 Nc6 12. Bf4 Rfd8 13. Rac1 d6 14. b3 h6 15.
Qd2 Bf8 16. Ne1 Nd4 17. e4 e5 18. Be3 a5 19. Nd3 a4 20. Bxd4 exd4 21. Nxa4 Rxa4
22. bxa4 Bxe4 23. f3 Bc6 24. Rb1 Qa6 25. Rdc1 Bxa4 26. Qb2 Bc6 27. a4 Re8 28.
Ra1 Re3 29. Ne1 Qa5 30. Bf1 Nd7 31. Kf2 Nb6 32. Ra3 Nxa4 33. Qa1 Qd2+ 34. Kg1
Rxa3 35. Qxa3 Nc3 36. Ra1 Nd1 0-1

[Event "37. Copenhagen Open (Politiken Cup)"]
[Site "Elsinore"]
[Date "2015.07.27"]
[Round "4"]
[White "Chabanon, Jean Luc"]
[Black "Johansson, Linus"]
[Result "1/2-1/2"]
[WhiteElo "2493"]
[BlackElo "2379"]
[PlyCount "64"]
[EventDate "2015.07.25"]
[EventType "swiss"]
[EventRounds "10"]
[EventCountry "DEN"]
[Source "ChessBase"]
[SourceDate "2015.09.14"]

1. d4 Nf6 2. c4 e6 3. Nf3 c5 4. d5 exd5 5. cxd5 d6 6. Nc3 g6 7. Bf4 a6 8. a4
Bg7 9. h3 O-O 10. e3 Qe7 11. Be2 Nbd7 12. O-O Ne8 13. Bh2 f5 14. Re1 b6 15. Qb3
Rb8 16. Nd2 Ne5 17. Bf1 Nc7 18. f4 Nf7 19. Nc4 b5 20. axb5 axb5 21. Ra7 Rb7 22.
Rxb7 Bxb7 23. Nxb5 Nxb5 24. Qxb5 Bxd5 25. Nb6 Be4 26. Nc4 Qa7 27. Qb3 Qb8 28.
Qa3 Qb7 29. Ra1 Rb8 30. Ra2 Bb1 31. Ra1 Be4 32. Ra2 Bb1 1/2-1/2

[Event "37. Copenhagen Open (Politiken Cup)"]
[Site "Elsinore"]
[Date "2015.07.27"]
[Round "4"]
[White "Christensen, Bo Garner"]
[Black "Quinn, David"]
[Result "0-1"]
[WhiteElo "2215"]
[BlackElo "1947"]
[PlyCount "80"]
[EventDate "2015.07.25"]
[EventType "swiss"]
[EventRounds "10"]
[EventCountry "DEN"]
[Source "ChessBase"]
[SourceDate "2015.09.14"]

1. e4 e5 2. Nf3 Nc6 3. Bb5 a6 4. Ba4 Nf6 5. d4 exd4 6. O-O Be7 7. Re1 b5 8. e5
Nxe5 9. Nxe5 bxa4 10. Qxd4 O-O 11. Qxa4 Rb8 12. a3 Re8 13. Nc3 Rb6 14. Bf4 Re6
15. Bg3 Bb7 16. Qb3 Qa8 17. Ne2 Bd5 18. c4 Rb6 19. Qa2 d6 20. cxd5 dxe5 21. Nc3
Bd6 22. Re2 Nh5 23. Rae1 Nxg3 24. hxg3 f5 25. b4 Rbb8 26. g4 g6 27. gxf5 gxf5
28. Qd2 Rf8 29. Qg5+ Kh8 30. g4 Rf7 31. f3 Rg8 32. Qh5 Qf8 33. Rg2 Rfg7 34. g5
Qd8 35. f4 exf4 36. Qd1 f3 37. Qxf3 Rxg5 38. Rxg5 Qxg5+ 39. Kf1 Qg1+ 40. Ke2
Re8+ 0-1

[Event "37. Copenhagen Open (Politiken Cup)"]
[Site "Elsinore"]
[Date "2015.07.27"]
[Round "4"]
[White "Christensen, Lasse"]
[Black "Jensen, Michael Agermose"]
[Result "1/2-1/2"]
[WhiteElo "2168"]
[BlackElo "1984"]
[PlyCount "45"]
[EventDate "2015.07.25"]
[EventType "swiss"]
[EventRounds "10"]
[EventCountry "DEN"]
[Source "ChessBase"]
[SourceDate "2015.09.14"]

1. d4 g6 2. c4 Bg7 3. Nc3 c5 4. Nf3 cxd4 5. Nxd4 Nc6 6. Nc2 d6 7. e4 f5 8. exf5
Bxf5 9. Ne3 Qd7 10. Be2 Nh6 11. O-O O-O 12. Bd2 Ne5 13. Rc1 Bd3 14. Bxd3 Nxd3
15. Rc2 Rf7 16. Qe2 Nf4 17. Qf3 Raf8 18. Ned5 Ne6 19. Qe4 Nc5 20. Qe2 Nf5 21.
Be3 Nd4 22. Bxd4 Bxd4 23. Ne4 1/2-1/2

[Event "37. Copenhagen Open (Politiken Cup)"]
[Site "Elsinore"]
[Date "2015.07.27"]
[Round "4"]
[White "De Strycker, Nathan"]
[Black "Veng, Johny"]
[Result "1-0"]
[WhiteElo "2097"]
[BlackElo "2294"]
[PlyCount "105"]
[EventDate "2015.07.25"]
[EventType "swiss"]
[EventRounds "10"]
[EventCountry "DEN"]
[Source "ChessBase"]
[SourceDate "2015.09.14"]

1. d4 Nf6 2. c4 e6 3. Nc3 Bb4 4. e3 O-O 5. Bd3 d5 6. Nge2 Nc6 7. O-O dxc4 8.
Bxc4 a6 9. a3 Bd6 10. f4 b5 11. Bd3 Be7 12. b4 Bb7 13. Bb2 Rb8 14. Rc1 a5 15.
bxa5 b4 16. axb4 Nxb4 17. Ba3 c5 18. a6 Nxa6 19. Bxa6 Bxa6 20. Bxc5 Bxc5 21.
dxc5 Rc8 22. Qd4 Qc7 23. Qa4 Ra8 24. Nb5 Qc6 25. Ned4 Qe4 26. Rfe1 Nd5 27. Nc3
Nxc3 28. Rxc3 Rfc8 29. c6 Bd3 30. Qb3 Rab8 31. Qd1 Rb2 32. Qf3 Qg6 33. e4 Ba6
34. Rd1 e5 35. Nf5 Qf6 36. Rd6 Rb1+ 37. Rd1 Rxd1+ 38. Qxd1 exf4 39. c7 g6 40.
Qd6 Qxd6 41. Nxd6 Rf8 42. Ra3 Bc8 43. Ra8 Be6 44. Rd8 g5 45. h4 f6 46. h5 h6
47. g3 fxg3 48. Kg2 Kg7 49. Kxg3 Kg8 50. c8=Q Bxc8 51. Rxc8 Rxc8 52. Nxc8 Kf7
53. Nd6+ 1-0

[Event "37. Copenhagen Open (Politiken Cup)"]
[Site "Elsinore"]
[Date "2015.07.27"]
[Round "4"]
[White "Degerfeldt, Sven"]
[Black "Roder, Peter"]
[Result "1/2-1/2"]
[WhiteElo "1859"]
[BlackElo "2144"]
[PlyCount "166"]
[EventDate "2015.07.25"]
[EventType "swiss"]
[EventRounds "10"]
[EventCountry "DEN"]
[Source "ChessBase"]
[SourceDate "2015.09.14"]

1. d4 Nf6 2. c4 c5 3. d5 b5 4. cxb5 a6 5. bxa6 Bxa6 6. Nc3 g6 7. e4 Bxf1 8.
Kxf1 d6 9. g3 Bg7 10. Kg2 O-O 11. Nf3 Nbd7 12. Qe2 Qa5 13. h3 Rfb8 14. e5 dxe5
15. Nxe5 Nxe5 16. Qxe5 Rd8 17. Qxe7 Nxd5 18. Nxd5 Rxd5 19. Re1 h5 20. Bg5 Bxb2
21. Rab1 Qxa2 22. Qb7 Bd4 23. Re2 Rxg5 24. Rxa2 Rxa2 25. Qc8+ Kh7 26. Rf1 Rf5
27. g4 hxg4 28. hxg4 Rfxf2+ 29. Rxf2 Rxf2+ 30. Kg3 Kg7 31. Qd7 Rf6 32. Qc8 Re6
33. Qd7 Be3 34. Qd5 Bd4 35. Kg2 Be3 36. Qc4 Bd4 37. Qd5 Be3 38. Qc4 Bd4 39. Qd5
Kf6 40. Qd8+ Kg7 41. Qd7 Re2+ 42. Kf3 Re1 43. Qd5 Rc1 44. Ke2 Rc3 45. Kd2 Rg3
46. Qd7 Bf6 47. Qc8 Rg2+ 48. Kd3 Rg3+ 49. Kd2 Bd4 50. Qd7 Rg1 51. Ke2 Kf6 52.
Qd8+ Kg7 53. Qd7 Ra1 54. Qd5 Ra3 55. Kd2 Rg3 56. Qd7 Rf3 57. Ke2 Rf2+ 58. Kd3
Kh6 59. Qd5 Rf4 60. Qd7 f6 61. g5+ Kxg5 62. Qh3 Rg4 63. Qh1 Rg3+ 64. Ke2 f5 65.
Qd5 Re3+ 66. Kf1 Kg4 67. Qg2+ Rg3 68. Qe2+ Kf4 69. Qd2+ Ke5 70. Qh2 f4 71. Qh8+
Ke4 72. Qe8+ Kf5 73. Qd7+ Ke4 74. Qe6+ Be5 75. Qc4+ Bd4 76. Qe6+ Kd3 77. Qb3+
Kd2 78. Qa2+ Kc3 79. Qa3+ Kc4 80. Qc1+ Kd3 81. Qb1+ Kd2 82. Qe1+ Kc2 83. Qe4+
Kd1 1/2-1/2

[Event "37. Copenhagen Open (Politiken Cup)"]
[Site "Elsinore"]
[Date "2015.07.27"]
[Round "4"]
[White "Ekberg, Jacob"]
[Black "Roksvold, Jan"]
[Result "1/2-1/2"]
[WhiteElo "1656"]
[BlackElo "1927"]
[PlyCount "44"]
[EventDate "2015.07.25"]
[EventType "swiss"]
[EventRounds "10"]
[EventCountry "DEN"]
[Source "ChessBase"]
[SourceDate "2015.09.14"]

1. d4 Nf6 2. c4 e6 3. Nf3 d5 4. g3 c6 5. Qc2 Ne4 6. Bg2 Bd6 7. O-O Nd7 8. Nbd2
f5 9. Nxe4 fxe4 10. Ng5 Nf6 11. f3 exf3 12. Rxf3 Qe7 13. e4 e5 14. exd5 cxd5
15. cxd5 exd4 16. Bd2 Qc7 17. Qd3 Bg4 18. Ne6 Bxe6 19. dxe6 Ng4 20. Qe4 Nf6 21.
Qd3 Ng4 22. Qe4 Nf6 1/2-1/2

[Event "37. Copenhagen Open (Politiken Cup)"]
[Site "Elsinore"]
[Date "2015.07.27"]
[Round "4"]
[White "Eriksson, Christian Altenburg"]
[Black "Petersson, Baldur Teodor"]
[Result "1/2-1/2"]
[WhiteElo "2175"]
[BlackElo "1988"]
[PlyCount "56"]
[EventDate "2015.07.25"]
[EventType "swiss"]
[EventRounds "10"]
[EventCountry "DEN"]
[Source "ChessBase"]
[SourceDate "2015.09.14"]

1. e4 c5 2. c3 b6 3. d4 Bb7 4. Bd3 Nf6 5. Nd2 e6 6. Ne2 Be7 7. O-O Nc6 8. e5
Nd5 9. Ne4 cxd4 10. cxd4 d6 11. exd6 Bxd6 12. Nxd6+ Qxd6 13. Be3 O-O 14. Nc3
Nxc3 15. bxc3 Na5 16. Qh5 f5 17. Rfe1 Qc6 18. Qh3 Rf6 19. Rac1 Rg6 20. f3 Qxf3
21. Qxf3 Bxf3 22. g3 Rc8 23. c4 Nc6 24. Kf2 Nb4 25. Bb1 Be4 26. a3 Nd3+ 27.
Bxd3 Bxd3 28. c5 b5 1/2-1/2

[Event "37. Copenhagen Open (Politiken Cup)"]
[Site "Elsinore"]
[Date "2015.07.27"]
[Round "4"]
[White "Fabrin, Morten"]
[Black "Rolvag, Mikael"]
[Result "1/2-1/2"]
[WhiteElo "2009"]
[BlackElo "2193"]
[PlyCount "112"]
[EventDate "2015.07.25"]
[EventType "swiss"]
[EventRounds "10"]
[EventCountry "DEN"]
[Source "ChessBase"]
[SourceDate "2015.09.14"]

1. Nf3 c5 2. e4 Nc6 3. Bb5 Nf6 4. e5 Nd5 5. O-O Nc7 6. Bxc6 dxc6 7. d3 g6 8.
Bf4 Bg7 9. h3 O-O 10. Qd2 Be6 11. Bh6 c4 12. Bxg7 Kxg7 13. Nc3 cxd3 14. cxd3
Bd5 15. Nxd5 Qxd5 16. Qb4 c5 17. Qh4 f6 18. Rfc1 Ne6 19. Rc3 b5 20. a3 g5 21.
exf6+ exf6 22. Qe4 Qxe4 23. dxe4 Rfd8 24. b3 a5 25. g3 Rd7 26. Kg2 Rad8 27. Re1
Rd3 28. Re3 Rxc3 29. Rxc3 b4 30. axb4 axb4 31. Re3 Kf7 32. Ne1 Rd2 33. Rd3 Rb2
34. Nf3 Ke7 35. Kg1 h5 36. Kf1 Rb1+ 37. Ke2 g4 38. hxg4 hxg4 39. Nd2 Rc1 40.
Rd5 Rc3 41. Rd3 Nd4+ 42. Ke3 Ke6 43. Rxc3 bxc3 44. Nc4 Nxb3 45. Kd3 Nd2 46. Ne3
c4+ 47. Kxc3 Nxe4+ 48. Kxc4 Nxf2 49. Kd4 f5 50. Nf1 Ne4 51. Kd3 Kf6 52. Kd4 Kg6
53. Kd3 Kg5 54. Ke2 f4 55. gxf4+ Kxf4 56. Ke1 Ng3 1/2-1/2

[Event "37. Copenhagen Open (Politiken Cup)"]
[Site "Elsinore"]
[Date "2015.07.27"]
[Round "4"]
[White "Fedchuk, Kirill"]
[Black "Sande, Odmund"]
[Result "0-1"]
[WhiteElo "1631"]
[BlackElo "1898"]
[PlyCount "94"]
[EventDate "2015.07.25"]
[EventType "swiss"]
[EventRounds "10"]
[EventCountry "DEN"]
[Source "ChessBase"]
[SourceDate "2015.09.14"]

1. c4 e6 2. Nc3 b6 3. Nf3 Bb7 4. d4 Nf6 5. Bg5 Be7 6. e3 d5 7. Bxf6 Bxf6 8.
cxd5 exd5 9. Be2 O-O 10. O-O g6 11. Rc1 Bg7 12. b4 Qe7 13. Qb3 Rd8 14. Rc2 c6
15. Rfc1 Nd7 16. b5 Nf6 17. bxc6 Bxc6 18. Ne5 Bb7 19. Nb5 Ne8 20. Nc6 Bxc6 21.
Rxc6 Rd7 22. Bf3 Rad8 23. Nc3 Nf6 24. Nb5 h5 25. Qa4 Ne8 26. Nc3 Nf6 27. Nb5
Ne8 28. Nc3 Bh6 29. Nxd5 Rxd5 30. Bxd5 Rxd5 31. Rc8 Kf8 32. R1c7 Qe4 33. Qb3
Rf5 34. Rxa7 Kg7 35. Rb8 Qc6 36. Qb2 Rb5 37. Qa1 Qc3 38. Qf1 Nd6 39. Rbb7 Rb2
40. Rc7 Qb4 41. Rc1 Ne4 42. h3 Rxf2 43. Qd3 Qd2 44. Qxe4 Bxe3 45. Kh2 Bf4+ 46.
Kh1 Qxc1+ 47. Qe1 Qxe1# 0-1

[Event "37. Copenhagen Open (Politiken Cup)"]
[Site "Elsinore"]
[Date "2015.07.27"]
[Round "4"]
[White "Fernandez, Daniel Howard"]
[Black "Olofsson Dolk, Mattis"]
[Result "1-0"]
[WhiteElo "2472"]
[BlackElo "2253"]
[PlyCount "95"]
[EventDate "2015.07.25"]
[EventType "swiss"]
[EventRounds "10"]
[EventCountry "DEN"]
[Source "ChessBase"]
[SourceDate "2015.09.14"]

1. g3 Nf6 2. c4 g6 3. b3 Bg7 4. Bb2 d5 5. cxd5 O-O 6. Bg2 Nxd5 7. Bxg7 Kxg7 8.
Qc1 Nc6 9. Nc3 Nxc3 10. Qxc3+ Qd4 11. Rc1 Qxc3 12. Rxc3 Bd7 13. f4 a5 14. Nf3
a4 15. Kf2 axb3 16. axb3 Ra2 17. Rd1 Rd8 18. Ne1 Be6 19. Bxc6 bxc6 20. Nd3 Bf5
21. Ne5 Rdxd2 22. Rxd2 Rxd2 23. Rxc6 Rc2 24. b4 f6 25. Rxc2 Bxc2 26. Nd7 Kf7
27. Nc5 Bf5 28. Na6 c6 29. Nb8 c5 30. bxc5 Ke6 31. Nc6 Kd7 32. Nb4 e5 33. fxe5
fxe5 34. Kf3 g5 35. Ke3 h5 36. h4 gxh4 37. gxh4 Ke6 38. Kd2 Be4 39. Kc3 Bg2 40.
Nc2 Bh3 41. Ne3 Kd7 42. Kd3 Kc6 43. Ke4 Kxc5 44. Kxe5 Kc6 45. Nd5 Bg4 46. Nf4
Kd7 47. Kf6 Ke8 48. e3 1-0

[Event "37. Copenhagen Open (Politiken Cup)"]
[Site "Elsinore"]
[Date "2015.07.27"]
[Round "4"]
[White "Fjallheim, Elmar Reinert"]
[Black "Christophersen, David"]
[Result "1-0"]
[WhiteElo "1601"]
[BlackElo "1854"]
[PlyCount "61"]
[EventDate "2015.07.25"]
[EventType "swiss"]
[EventRounds "10"]
[EventCountry "DEN"]
[Source "ChessBase"]
[SourceDate "2015.09.14"]

1. e4 d6 2. d4 Nf6 3. Nc3 g6 4. Bg5 Bg7 5. Qd2 c6 6. Bd3 Qb6 7. Nf3 Bg4 8. Na4
Qc7 9. Bh6 Bxh6 10. Qxh6 Qa5+ 11. Nc3 Qb6 12. e5 Qxb2 13. Kd2 Nd5 14. Nxd5 cxd5
15. Rhb1 Qa3 16. Rxb7 Qa5+ 17. c3 Nd7 18. Qg7 O-O-O 19. Rb5 Qa4 20. exd6 Nb6
21. Rc5+ Kb8 22. dxe7 Rde8 23. Ne5 Qa3 24. Nxg4 Qb2+ 25. Bc2 Qxa1 26. Qe5+ Ka8
27. Nf6 Rc8 28. Nxd5 Qxa2 29. Nxb6+ axb6 30. Rxc8+ Rxc8 31. e8=Q 1-0

[Event "37. Copenhagen Open (Politiken Cup)"]
[Site "Elsinore"]
[Date "2015.07.27"]
[Round "4"]
[White "Fjellengen, Bard"]
[Black "Molin, Claus"]
[Result "1/2-1/2"]
[WhiteElo "1749"]
[BlackElo "1990"]
[PlyCount "61"]
[EventDate "2015.07.25"]
[EventType "swiss"]
[EventRounds "10"]
[EventCountry "DEN"]
[Source "ChessBase"]
[SourceDate "2015.09.14"]

1. d4 Nf6 2. c4 e6 3. a3 c5 4. e3 b6 5. Nf3 Bb7 6. Be2 Ne4 7. O-O Be7 8. Nbd2
f5 9. dxc5 bxc5 10. Qb3 Qb6 11. Qxb6 axb6 12. Nxe4 Bxe4 13. Ne1 Bf6 14. f3 Bb7
15. Rb1 Nc6 16. Nc2 O-O 17. b4 cxb4 18. Nxb4 Rfb8 19. Rd1 Nxb4 20. axb4 Ra2 21.
Bf1 Bc8 22. Rd2 Rba8 23. Rxa2 Rxa2 24. c5 Bb7 25. Bb5 bxc5 26. Bxd7 Bd5 27.
bxc5 Kf7 28. c6 Rc2 29. Ba3 Bxc6 30. Bxc6 Rxc6 31. Re1 1/2-1/2

[Event "37. Copenhagen Open (Politiken Cup)"]
[Site "Elsinore"]
[Date "2015.07.27"]
[Round "4"]
[White "Fossan, Andreas"]
[Black "Lien, Kjell Hakon"]
[Result "1/2-1/2"]
[WhiteElo "1840"]
[BlackElo "2133"]
[PlyCount "118"]
[EventDate "2015.07.25"]
[EventType "swiss"]
[EventRounds "10"]
[EventCountry "DEN"]
[Source "ChessBase"]
[SourceDate "2015.09.14"]

1. d4 d6 2. c4 e5 3. dxe5 dxe5 4. Qxd8+ Kxd8 5. Nc3 c6 6. Nf3 f6 7. e4 Be6 8.
Be3 Nd7 9. Be2 Kc7 10. O-O Ne7 11. Rfd1 g6 12. Nd2 g5 13. Rac1 Ng6 14. g3 h5
15. Na4 b6 16. a3 h4 17. Nc3 hxg3 18. hxg3 Kb7 19. b4 Be7 20. Bf3 Rag8 21. Kf1
Rh2 22. b5 Bxa3 23. bxc6+ Kxc6 24. Rc2 Bc5 25. Nd5 g4 26. Bg2 Bxe3 27. Nxe3 Kb7
28. Nb3 Rc8 29. Nd5 Nh8 30. Rdc1 Bxd5 31. cxd5 Rxc2 32. Rxc2 Nf7 33. Rc6 Nd8
34. Rc1 a5 35. Kg1 Rh8 36. Nd2 Nf7 37. Nc4 Rc8 38. Bf1 Rc5 39. Be2 Kc7 40. Rb1
Ng5 41. Nd2 Rc2 42. Rd1 Nxe4 43. Nxe4 Rxe2 44. Nd2 Nc5 45. Kf1 Rxd2 46. Rxd2 a4
47. Ke2 Kd6 48. Rb2 Nb3 49. Kd3 Kxd5 50. Kc3 Ke4 51. Kb4 Kf3 52. Kxa4 Nd4 53.
Kb4 Ne2 54. Kc4 f5 55. Kd5 e4 56. Ke5 Kxf2 57. Kxf5 Kf3 58. Rxb6 Nxg3+ 59. Kg5
Ne2 1/2-1/2

[Event "37. Copenhagen Open (Politiken Cup)"]
[Site "Elsinore"]
[Date "2015.07.27"]
[Round "4"]
[White "Fossan, Benjamin"]
[Black "Philipsen, William Horup"]
[Result "1-0"]
[WhiteElo "1697"]
[BlackElo "1943"]
[PlyCount "81"]
[EventDate "2015.07.25"]
[EventType "swiss"]
[EventRounds "10"]
[EventCountry "DEN"]
[Source "ChessBase"]
[SourceDate "2015.09.14"]

1. e4 e5 2. Nf3 Nc6 3. Bc4 Nf6 4. d3 Bc5 5. Nc3 d6 6. Bg5 h6 7. Bxf6 Qxf6 8.
Nd5 Qd8 9. c3 a6 10. d4 Ba7 11. dxe5 dxe5 12. h3 O-O 13. Qe2 b5 14. Bb3 Rb8 15.
Rd1 Bd7 16. O-O Kh8 17. Nb4 Qe8 18. Nxa6 Rc8 19. Nb4 Nxb4 20. cxb4 f6 21. Rd2
Qe7 22. Rfd1 Be8 23. a3 Bh5 24. Rd7 Qe8 25. Qd3 Bxf3 26. Qxf3 Bd4 27. Qg4 g6
28. Bf7 Rxf7 29. Rxf7 Qxf7 30. Qxc8+ Kg7 31. Rc1 Bb6 32. Rc6 g5 33. Re6 Bd4 34.
b3 Kg6 35. Qe8 Bb2 36. a4 Qxe8 37. Rxe8 Bc3 38. Rc8 Bxb4 39. Rxc7 bxa4 40. bxa4
h5 41. g4 1-0

[Event "37. Copenhagen Open (Politiken Cup)"]
[Site "Elsinore"]
[Date "2015.07.27"]
[Round "4"]
[White "Fossan, Petter"]
[Black "Schandorff, Lars"]
[Result "0-1"]
[WhiteElo "2308"]
[BlackElo "2520"]
[PlyCount "120"]
[EventDate "2015.07.25"]
[EventType "swiss"]
[EventRounds "10"]
[EventCountry "DEN"]
[Source "ChessBase"]
[SourceDate "2015.09.14"]

1. d4 d5 2. c4 c6 3. cxd5 cxd5 4. Nc3 Nc6 5. Bf4 Bf5 6. e3 e6 7. Nf3 Bd6 8.
Bxd6 Qxd6 9. Bd3 Nge7 10. O-O O-O 11. Bxf5 Nxf5 12. Qd3 Rfc8 13. Rfc1 Qd8 14.
Na4 Nd6 15. Nc5 b6 16. Na6 Qd7 17. Nd2 Na5 18. b3 Rxc1+ 19. Rxc1 Rc8 20. Rc3
Rxc3 21. Qxc3 Qc6 22. Qxc6 Nxc6 23. Nb1 Kf8 24. Nc3 Ke7 25. b4 Ne4 26. Nxe4
dxe4 27. b5 Na5 28. Nb4 Kd6 29. Kf1 Nc4 30. Nc6 a5 31. Ke2 Na3 32. Na7 Kc7 33.
Kd2 Kb7 34. Nc6 Kc7 35. Na7 Nc4+ 36. Kc3 Nd6 37. a4 Nf5 38. Nc6 f6 39. g3 Kd6
40. Kd2 h5 41. h3 h4 42. g4 Nh6 43. Ke2 Nf7 44. Kf1 Ng5 45. Kg2 Nf3 46. Kf1 Ng5
47. Kg2 Nf3 48. Kf1 e5 49. dxe5+ Nxe5 50. Nd4 Kd5 51. Nf5 g5 52. Ke2 Nd7 53.
Ne7+ Kc4 54. f3 Kb3 55. Nd5 exf3+ 56. Kxf3 Kxa4 57. Ke4 Kxb5 58. Kf5 Kc4 59. e4
a4 60. Ke6 a3 0-1

[Event "37. Copenhagen Open (Politiken Cup)"]
[Site "Elsinore"]
[Date "2015.07.27"]
[Round "4"]
[White "Frederiksen Kristian, Pade"]
[Black "Bredeli, Havard Iversen"]
[Result "0-1"]
[WhiteElo "1839"]
[BlackElo "1346"]
[PlyCount "50"]
[EventDate "2015.07.25"]
[EventType "swiss"]
[EventRounds "10"]
[EventCountry "DEN"]
[Source "ChessBase"]
[SourceDate "2015.09.14"]

1. d4 Nf6 2. c4 e6 3. Nc3 d5 4. cxd5 exd5 5. Bg5 Be7 6. e3 O-O 7. Bd3 Nbd7 8.
Nge2 c6 9. Qc2 g6 10. f3 Kh8 11. h4 Ng8 12. Nf4 Bxg5 13. hxg5 Qxg5 14. Kf2 Ndf6
15. Rh2 Ne7 16. Nh3 Bxh3 17. Rxh3 Rae8 18. f4 Qg4 19. Be2 Qe6 20. Rah1 Nf5 21.
Qd2 Nd6 22. Bf3 Nc4 23. Qe2 Qxe3+ 24. Qxe3 Nxe3 25. Bxd5 Nexd5 0-1

[Event "37. Copenhagen Open (Politiken Cup)"]
[Site "Elsinore"]
[Date "2015.07.27"]
[Round "4"]
[White "Frisvold, Ole Emil"]
[Black "Haugli, Petter"]
[Result "0-1"]
[WhiteElo "2063"]
[BlackElo "2247"]
[PlyCount "97"]
[EventDate "2015.07.25"]
[EventType "swiss"]
[EventRounds "10"]
[EventCountry "DEN"]
[Source "ChessBase"]
[SourceDate "2015.09.14"]

1. d4 Nf6 2. Nf3 g6 3. g3 Bg7 4. Bg2 O-O 5. O-O d6 6. c4 Nc6 7. Nc3 a6 8. d5
Na5 9. Qd3 c5 10. Rb1 Rb8 11. e4 b5 12. cxb5 c4 13. Qc2 axb5 14. a3 Nb3 15. Re1
Nxc1 16. Rbxc1 Nd7 17. Na2 Bb7 18. Rcd1 Qb6 19. Nb4 Rbc8 20. Bh3 Rc7 21. Bxd7
Rxd7 22. Qd2 Rc8 23. Nd4 Rdc7 24. Ndc6 e5 25. Qe3 Qc5 26. Qxc5 dxc5 27. d6 Rxc6
28. Nxc6 Bxc6 29. d7 Rd8 30. Rd6 Bb7 31. Red1 Bxe4 32. Rb6 Bd3 33. Rxb5 Rxd7
34. Rxc5 Rb7 35. Rc8+ Bf8 36. Re1 e4 37. Ra1 Rxb2 38. a4 Rb6 39. a5 Ra6 40. Rb8
c3 41. f3 exf3 42. Kf2 Be4 43. Ke3 f5 44. Kf4 Kf7 45. Rb6 Bh6+ 46. Ke5 Rxb6 47.
axb6 c2 48. b7 Bxb7 49. Ra7 0-1